Länder mit von dem IS durchgeführten Terroranschlägen - Statistiken

Allgemein
  • Dieses Quiz wurde 88 mal gespielt
  • Das Durchschnittsergebnis liegt bei 35 aus 47
Antworten auf der Karte
Die Antworten werden auf der Karte rot bzw. grün angezeigt, abhängig davon wie oft sie richtig erraten wurden.
 
Antwortstatistiken
Erster Anschlag Tote (insgesamt) Land % Korrekt
24. Juli 2016 16 Deutschland
100%
20. Dezember 2014 239 Frankreich
100%
23. Oktober 2014 96 Vereinigte Staaten
100%
18. Februar 2018 224 Russland
95%
11. Dezember 2015 706 Syrien
95%
7. Juni 2017 165 Iran
93%
5. Juni 2015 309 Türkei
93%
22. März 2017 37 Vereinigtes Königreich
93%
Januar 2013 4326-5261+ Irak
92%
20. Oktober 2014 2 Kanada
92%
17./18. August 2017 16 Spanien
92%
23. Juli 2016 1543+ Afghanistan
91%
23. September 2014 4 Australien
89%
8. August 2016 685-687+ Pakistan
89%
7. April 2017 5 Schweden
89%
31. Oktober 2015 613 Ägypten
88%
5. Januar 2015 40 Saudi-Arabien
88%
1. Januar 2016 14 Israel
87%
24. Mai 2014 45 Belgien
86%
2. November 2020 5 Österreich
83%
18. Dezember 2016 15 Jordanien
82%
20. März 2015 214+ Jemen
80%
18. März 2015 73 Tunesien
80%
12. November 2015 43 Libanon
79%
15. Juli 2024 6 Oman
79%
14./15. Februar 2015 2 Dänemark
78%
27. Januar 2015 86 Libyen
76%
3. März 2024 0 Schweiz
76%
18. August 2017 2 Finnland
74%
3. September 2021 1 Neuseeland
74%
9. Januar 2020 330+ Niger
72%
30. Januar 2016 329-331+ Nigeria
71%
26./27. April 2018 47 Mali
70%
14. Januar 2016 35 Indonesien
67%
5.-10. Juni 2016 7 Kasachstan
67%
26. Juni 2015 27 Kuwait
64%
16. Januar 2023 203+ Demokratische Republik Kongo
57%
23. Mai-23. Oktober 2017 1271 Philippinen
50%
29. Juni 2024 0 Serbien
50%
28. Juni 2016 0 Malaysia
47%
29. Juli 2018 6 Tadschikistan
46%
25. April 2016 33 Bangladesch
42%
21. April 2019 277 Sri Lanka
36%
23. März 2023 15 Burkina Faso
33%
19. Dezember 2023 5 Uganda
33%
20. Oktober 2022 26+ Mosambik
26%
1. Juli 2022 4 Benin
22%
Keine übereinstimmenden Quizze gefunden
Verteilung der Resultate
Anzahl Personen mit jedem Resultat
Perzentil nach korrekt beantworteten Fragen
Ihre Resultats-Entwicklung
Sie haben dieses Quiz noch nicht gespielt